[Event "Challenge"]
[Site "http://www.queenalice.com/game.php?id=1297805"]
[Date "2014.7.28"]
[Round "-"]
[White "Rutty"]
[Black "cardosorafael"]
[Result "1-0"]
[WhiteElo "2119"]
[BlackElo "1913"]

1. d4 Nf6 2. c4 e6 3. Nf3 Bb4+ 4. Bd2 Bxd2+ 5. Nbxd2 d5 6. e3 O-O 7. Bd3 Nc6 8.
O-O Re8 9. b3 e5 10. dxe5 Nxe5 11. Nxe5 Rxe5 12. Qc2 c6 13. Nf3 Re8 14. c5 Be6
15. Nd4 Qd7 16. f4 Bg4 17. Rae1 Ne4 18. Bxe4 Rxe4 19. Qf2 Rae8 20. h3 Bh5 21. g4
Bxg4 22. hxg4 Qxg4+ 23. Qg2 Qxg2+ 24. Kxg2 Rxe3 25. Rxe3 Rxe3 26. Rf2 g6 27. Rf3
Re4 28. Nc2 f5 29. Ne3 Kf7 30. Kg3 Kf6 31. a3 Re7 32. b4 Re4 33. Kf2 h5 34. Ng2
Re7 35. Ne1 Re4 36. Nd3 Re7 37. Kg3 Re2 38. Ne5 h4+ 39. Kh3 g5 40. Nd7+ Kg6 41.
fxg5 Kxg5 42. a4 Re4 43. Rb3 f4 44. Kg2 d4 45. b5 Re3 46. Rb4 d3 47. Rd4 h3+ 48.
Kh2 Re2+ 49. Kxh3 f3 50. Rxd3 f2 51. Kg2 1-0

[Event "Challenge"]
[Site "http://www.queenalice.com/game.php?id=1297808"]
[Date "2014.7.28"]
[Round "-"]
[White "cardosorafael"]
[Black "Rutty"]
[Result "1/2-1/2"]
[WhiteElo "1913"]
[BlackElo "2101"]

1. e4 e5 2. Nf3 Nc6 3. Bb5 Bc5 4. O-O d6 5. h3 Bd7 6. c3 Nf6 7. Re1 O-O 8. d4
exd4 9. cxd4 Bb4 10. Nc3 a6 11. Ba4 b5 12. Bc2 Re8 13. a3 Bxc3 14. bxc3 Bc8 15.
Bg5 h6 16. Bh4 Bb7 17. e5 dxe5 18. dxe5 Qxd1 19. Raxd1 Nh7 20. Rd7 Rac8 21.
Bxh7+ Kxh7 22. Rxf7 Kg8 23. e6 Rxe6 24. Rxe6 Kxf7 25. Re3 g5 26. Bg3 Kf6 27. Ne5
Nxe5 28. Bxe5+ Kg6 29. f3 Re8 30. Kf2 c5 31. Bd6 Rxe3 32. Kxe3 h5 33. Bxc5 a5
34. Bb6 a4 35. Bc7 Kf5 36. g4+ hxg4 37. hxg4+ Kg6 38. f4 gxf4+ 39. Kxf4 Bc8
1/2-1/2

[Event "Challenge"]
[Site "http://www.queenalice.com/game.php?id=1310711"]
[Date "2014.9.26"]
[Round "-"]
[White "alexferreira"]
[Black "cardosorafael"]
[Result "1-0"]
[WhiteElo "2089"]
[BlackElo "1911"]

1. d4 Nf6 2. g3 d5 3. Bg2 e6 4. Nf3 Be7 5. Bg5 O-O 6. c3 Nbd7 7. Nbd2 c5 8. dxc5
Nxc5 9. O-O b6 10. Nb3 Nce4 11. Bxf6 Nxf6 12. Nfd2 1-0

[Event "Challenge"]
[Site "http://www.queenalice.com/game.php?id=1310715"]
[Date "2014.9.26"]
[Round "-"]
[White "cardosorafael"]
[Black "alexferreira"]
[Result "0-1"]
[WhiteElo "1921"]
[BlackElo "2079"]

1. e4 d5 2. exd5 Qxd5 3. Nc3 Qe6+ 4. Be2 c6 5. Nf3 g6 6. O-O Bg7 7. d4 Nf6 8.
Be3 O-O 9. Re1 Nd5 10. Nxd5 Qxd5 11. c3 Bg4 0-1

[Event "AUTO-ADV-3602"]
[Site "http://www.queenalice.com/game.php?id=1412537"]
[Date "2016.3.7"]
[Round "1"]
[White "Mugo"]
[Black "cardosorafael"]
[Result "1/2-1/2"]
[WhiteElo "1864"]
[BlackElo "1950"]

1. e4 e5 2. Nf3 Nc6 3. Bb5 a6 4. Bxc6 dxc6 5. Nxe5 Qd4 6. Nf3 Qxe4+ 7. Qe2 Qxe2+
8. Kxe2 Bg4 9. h3 Bxf3+ 10. Kxf3 O-O-O 11. Re1 Nf6 12. d3 h6 13. Nc3 Bb4 14. Bd2
Rhe8 15. a3 Ba5 16. b4 Bb6 17. Be3 Bxe3 18. Rxe3 Nd5 19. Rxe8 Rxe8 20. Ne4 Kd7
21. c4 Ne7 22. Nc5+ Kc8 23. Re1 b6 24. Nxa6 Kb7 25. b5 c5 26. Re5 Kc8 27. a4 Kd7
28. Ke3 Nd5+ 29. Ke4 Nc3+ 30. Kf5 Rxe5+ 31. Kxe5 Nxa4 32. d4 cxd4 33. Kxd4 Kd6
34. Nb4 Nc5 35. Nd3 Nxd3 36. Kxd3 Kc5 37. f4 f5 38. Kc3 h5 39. h4 g6 40. g3 Kd6
41. Kd4 c5+ 42. bxc6 Kxc6 43. Kc3 Kc5 44. Kd3 Kd6 45. Kd4 Kc6 46. Kc3 Kc5 47.
Kd3 Kc6 48. Kd4 1/2-1/2

[Event "AUTO-ADV-3602"]
[Site "http://www.queenalice.com/game.php?id=1412538"]
[Date "2016.3.7"]
[Round "1"]
[White "cardosorafael"]
[Black "Mugo"]
[Result "0-1"]
[WhiteElo "1942"]
[BlackElo "1862"]

1. e4 e5 2. Nf3 Nc6 3. Bb5 a6 4. Ba4 d6 5. h3 Bd7 6. O-O Nf6 7. Re1 Be7 8. c3 b5
9. Bc2 O-O 10. d4 exd4 11. cxd4 Nb4 12. Bb3 Bc6 13. d5 Bb7 14. a3 Nbxd5 15. exd5
Nd7 16. Nc3 Bf6 17. Ne4 Nb6 18. Nxf6+ Qxf6 19. Be3 Qxb2 20. Bxb6 cxb6 21. Ra2
Qc3 22. Re7 Rab8 23. Rae2 Qc5 24. a4 bxa4 25. Bxa4 b5 26. Bb3 a5 27. Rc2 Qb4 28.
Rcc7 a4 29. Bxa4 bxa4 30. Rxb7 Rxb7 31. Rxb7 Qxb7 32. Qxa4 Qxd5 33. Qf4 Rd8 34.
Qe3 Qe6 35. Qd4 d5 36. Ng5 Qf6 37. Nf3 Qxd4 38. Nxd4 g6 39. Kf1 Rc8 40. Ke2 Kg7
41. g3 f5 42. Kf3 Kf6 43. Kf4 Re8 44. Kf3 Re4 45. Ne2 Ke5 46. Nc3 Re1 47. h4 h5
48. Ne2 d4 49. Nf4 Kd6 50. Nd3 Re8 51. Nf4 Kc5 52. Nd3+ Kc4 53. Nb2+ Kc3 54.
Na4+ Kc2 55. Nc5 d3 0-1

[Event "AUTO-ADV-3602"]
[Site "http://www.queenalice.com/game.php?id=1412551"]
[Date "2016.3.7"]
[Round "1"]
[White "Parma"]
[Black "cardosorafael"]
[Result "1/2-1/2"]
[WhiteElo "1818"]
[BlackElo "1947"]

1. d4 Nf6 2. c4 e6 3. e3 Bb4+ 4. Bd2 Bxd2+ 5. Nxd2 d5 6. Ngf3 O-O 7. Be2 Nbd7 8.
O-O c5 9. dxc5 Nxc5 10. b4 Nce4 11. Nxe4 Nxe4 12. Qc2 Nf6 13. c5 Bd7 14. a4 Rc8
15. Ne5 Ne8 16. b5 f6 17. Nf3 e5 18. Rad1 Be6 19. e4 d4 20. Bc4 Bxc4 21. Qxc4+
Kh8 22. Qb4 Rf7 23. Rc1 Rfc7 24. Nd2 Nd6 25. f3 h6 26. Nb3 Nf7 27. Qc4 Nd6 28.
Qb4 Nf7 29. Qa5 Ra8 30. Qb4 Rac8 1/2-1/2

[Event "AUTO-ADV-3602"]
[Site "http://www.queenalice.com/game.php?id=1412552"]
[Date "2016.3.7"]
[Round "1"]
[White "cardosorafael"]
[Black "Parma"]
[Result "1-0"]
[WhiteElo "1942"]
[BlackElo "1749"]

1. e4 c5 2. Nf3 e6 3. d4 Be7 4. Be3 Nc6 5. Be2 d6 6. O-O Nf6 7. Nc3 O-O 8. Qd2
a6 9. Rad1 e5 10. dxe5 dxe5 11. Qxd8 Rxd8 12. Rxd8+ Bxd8 13. Bxc5 Bc7 14. Rd1
Nd7 15. Be3 f6 16. Nd5 Bd8 17. Bc4 Kf8 18. g3 b5 19. Be2 Be7 20. Nc7 Rb8 21.
Nxa6 Rb7 22. a3 1-0

[Event "AUTO-ADV-3602"]
[Site "http://www.queenalice.com/game.php?id=1412561"]
[Date "2016.3.7"]
[Round "1"]
[White "cardosorafael"]
[Black "Eggchaser"]
[Result "1-0"]
[WhiteElo "1905"]
[BlackElo "1984"]

1. e4 g6 2. d4 d6 3. Nf3 Bg7 4. Be2 Nc6 5. Be3 Nf6 6. Nbd2 O-O 7. O-O Ng4 8. c3
Nxe3 9. fxe3 e5 10. Qc2 f5 11. exf5 Bxf5 12. Qb3+ Kh8 13. Qxb7 Bd7 14. Qb3 exd4
15. exd4 1-0

[Event "AUTO-ADV-3602"]
[Site "http://www.queenalice.com/game.php?id=1412562"]
[Date "2016.3.7"]
[Round "1"]
[White "Eggchaser"]
[Black "cardosorafael"]
[Result "0-1"]
[WhiteElo "1965"]
[BlackElo "1924"]

1. Nf3 Nf6 2. c4 e6 3. Nc3 Bb4 4. g3 O-O 5. Bg2 d5 6. cxd5 exd5 7. a3 Bxc3 8.
bxc3 c6 9. O-O Re8 10. d3 Be6 11. Re1 Nbd7 12. Be3 a6 13. c4 h6 14. Rb1 Rb8 15.
cxd5 Nxd5 16. Qd2 Nxe3 17. fxe3 Nf6 0-1

[Event "Let's Play Chess!"]
[Site "http://www.queenalice.com/game.php?id=1420304"]
[Date "2016.4.28"]
[Round "-"]
[White "tucuman"]
[Black "cardosorafael"]
[Result "1-0"]
[WhiteElo "1673"]
[BlackElo "1923"]

1. e4 e5 2. d4 exd4 3. Qxd4 Nc6 4. Qd1 Be7 5. a3 d6 6. Nc3 Nf6 7. h3 Be6 8. Nf3
Qd7 9. Bb5 a6 10. Bd3 O-O-O 11. O-O h5 12. b4 Ne5 13. Nxe5 dxe5 14. Qe2 Qc6 15.
Nd1 g6 16. Nb2 Rd7 17. Nd1 Rhd8 18. Nb2 1-0

[Event "AUTO-ADV-3602"]
[Site "http://www.queenalice.com/game.php?id=1432024"]
[Date "2016.7.17"]
[Round "2"]
[White "clovis"]
[Black "cardosorafael"]
[Result "1-0"]
[WhiteElo "2141"]
[BlackElo "1833"]

1. e4 e5 2. Bc4 Nf6 3. Nc3 Be7 4. Nf3 d6 5. d4 Bg4 6. dxe5 dxe5 7. Bxf7+ Kf8 8.
Qxd8+ Bxd8 9. Nxe5 Nbd7 10. Nxd7+ Kxf7 11. Nxf6 Bxf6 12. Bd2 Rad8 13. f3 Be6 14.
O-O-O Rd7 15. f4 g6 16. e5 1-0

[Event "AUTO-ADV-3602"]
[Site "http://www.queenalice.com/game.php?id=1432025"]
[Date "2016.7.17"]
[Round "2"]
[White "cardosorafael"]
[Black "clovis"]
[Result "0-1"]
[WhiteElo "1838"]
[BlackElo "2108"]

1. e4 e5 2. Nf3 Nc6 3. Bb5 Nf6 4. d3 Bc5 5. O-O d6 6. h3 Be6 7. Re1 Qd7 8. c3
Bxh3 9. Bxc6 bxc6 10. gxh3 Qxh3 11. d4 Bb6 12. Nh2 exd4 13. cxd4 h5 14. Qf3 Qe6
15. Nc3 Bxd4 0-1